| 000 | 00544nam a2200181Ia 4500 | ||
|---|---|---|---|
| 008 | 220531s9999 xx 000 0 und d | ||
| 041 | _aeng | ||
| 082 | _bPAD | ||
| 100 |
_aपाध्ये, अशोक अनु. _978374 |
||
| 245 | _aडोंगरी ते दुबई: मुंबईतील माफियांची साठ वर्षे | ||
| 250 | _a1ST | ||
| 260 |
_aPune _bMehata _c2014 |
||
| 300 | _a428 | ||
| 542 | _d08-03-2018 | ||
| 650 |
_aGeneral _978375 |
||
| 906 |
_d2017-2018 _f12054 |
||
| 999 |
_c43430 _d43430 |
||